| 000 | 00687nam a22002417a 4500 | ||
|---|---|---|---|
| 001 | BR8904692 | ||
| 003 | BR-BrBNA | ||
| 005 | 20230928093318.0 | ||
| 007 | ta | ||
| 008 | 230509b bl.||||| |||| 00| 0 por d | ||
| 040 |
_aBR-BrBNA _bpor _cBiblioteca Nacional de Agricultura |
||
| 041 | _a(Por) | ||
| 072 | _aP34 | ||
| 090 | _ P34 BR8904692 | ||
| 110 | 1 |
_aSociedade Brasileira de Microbiologia, Sao Paulo, SP (Brasil) _99776 |
|
| 245 | 1 | _aCadastro de profissionais em microbiologia de solo | |
| 260 | 3 |
_aSao Paulo, SP (Brasil): _c1989. |
|
| 300 | _a25 p. | ||
| 650 | _aMICROBIOLOGIA DO SOLO | ||
| 650 | _aPESQUISA AGRICOLA | ||
| 909 |
_a202309 _bLucia _c55 _dLucia Elande |
||
| 942 | _cBK | ||
| 999 |
_c44249 _d44249 |
||